| 000 | 00930cam a22002777a 4500 | ||
|---|---|---|---|
| 003 | CHAP | ||
| 005 | 20220329134830.0 | ||
| 008 | 971013s r 00010 d | ||
| 010 | _a26662 | ||
| 011 | _a27634 | ||
| 035 | _a31735 | ||
| 040 | _cCHAP | ||
| 090 | _aR-287 | ||
| 100 | 0 | 0 |
_aIzquierdo, José Joaquín. _960763 |
| 245 | 1 | 2 | _aA note on the early relations between scientists of Mexico and the United States |
| 500 | _aSobretiro de: Journal of the History of Medicine and allied Sciences. 10(1):46-57, 1955 | ||
| 590 |
_aBATCH-UPD _b10 _c20130110 _lUCH01 _h2322 |
||
| 590 |
_aBATCH-UPD _b10 _c20130409 _lUCH01 _h1926 |
||
| 590 |
_aBATCH-UPD _b10 _c20130410 _lUCH01 _h1612 |
||
| 590 |
_aBATCH-UPD _b10 _c20130914 _lUCH01 _h1829 |
||
| 590 |
_aCONVERSION _b10 _c20130109 _lUCH01 _h1315 |
||
| 650 | 1 | 4 |
_aMontana, Luis José ( _y1755-1820) _977724 |
| 901 | _aBK | ||
| 942 | _cREIMP | ||
| 949 |
_aR-287 _bBC _cR _d-73417 _eTS1 _i31735 _si |
||
| 999 |
_c26662 _d26662 |
||